000 00661pam a2200229 a 4500
001 2314285
005 20180302072025.0
008 810415s1981 maua b 001 0 eng
010 _a 81005641
020 _a0878930663 :
_c$35.00 (est.)
020 _a0878930671 (pbk.) :
_c$18.00 (est.)
040 _aDLC
_cDLC
_dDLC
041 _aeng
080 _a574.5248
082 0 0 _a574.5248 BEG
_219
100 1 _a9
101 _aMJE
245 1 0 _aPopulation ecology :
_cMichael Begon, Martin Mortimer.
504 _aBibliography: p. 185-192.
906 _a7
_bcbc
_corignew
_d1
_eocip
_f19
_gy-gencatlg
942 _2ddc
_cBK
999 _c44043
_d44043